logo

Bir Sreshtho Munshi Abdur Rouf Library
Jhenaidah Cadet College

Problems in education : (Record no. 7430)

MARC details
000 -LEADER
fixed length control field 00911cam a2200301 a 4500
001 - CONTROL NUMBER
JCCL Control Number 7430
003 - CONTROL NUMBER IDENTIFIER
JCCL marc code BD-JhCC
005 - DATE AND TIME OF LATEST TRANSACTION
control field 20180210112027.0
008 - FIXED-LENGTH DATA ELEMENTS--GENERAL INFORMATION
fixed length control field 020607r19981965enk | |||| ||eng|d
020 ## - INTERNATIONAL STANDARD BOOK NUMBER
International Standard Book Number 0415177693
035 ## - SYSTEM CONTROL NUMBER
system control number (UkLCURL)070013458411
035 ## - SYSTEM CONTROL NUMBER
system control number (BD-JhCC)7430
035 ## - SYSTEM CONTROL NUMBER
system control number 1919616
040 ## - CATALOGING SOURCE
Original cataloging agency BD-JhCC
Modifying agency BD-JhCC
041 ## - LANGUAGE CODE
Language code of Book eng
082 ## - DEWEY DECIMAL CLASSIFICATION NUMBER
Author mark and Year HOL 1965
100 1# - MAIN ENTRY--PERSONAL NAME
Personal name Holmes, Brian.
245 10 - TITLE STATEMENT
Title Problems in education :
Remainder of title a comparative approach /
Statement of responsibility, etc by Brian Holmes.
260 ## - PUBLICATION, DISTRIBUTION, ETC. (IMPRINT)
Place of publication, distribution, etc London :
Name of publisher, distributor, etc Routledge,
Date of publication, distribution, etc 1998, c1965.
300 ## - PHYSICAL DESCRIPTION
Pagination x,326p ;
Dimensions 23cm.
490 1# - SERIES STATEMENT
Series statement The international library of sociology.
Volume number/sequential designation 19
500 ## - GENERAL NOTE
General note Originally published: London : Routledge and Kegan Paul, 1965.
504 ## - BIBLIOGRAPHY, ETC. NOTE
Bibliography, etc Includes bibliographical references and index.
650 #0 - SUBJECT ADDED ENTRY--TOPICAL TERM
Topical term or geographic name as entry element Comparative education.
830 #0 - SERIES ADDED ENTRY--UNIFORM TITLE
Uniform title International library of sociology.
Volume number/sequential designation 19.
942 ## - ADDED ENTRY ELEMENTS (KOHA)
Source of classification or shelving scheme Dewey Decimal Classification
Koha item type Books
Holdings
Source of classification or shelving scheme Damaged status Not for loan Home library Current library Shelving location Total Checkouts Full call number Barcode Date last seen Copy number Koha item type
Dewey Decimal Classification     JCC Rouf Library JCC Rouf Library General Stacks   370.195 HOL 1965 1069 02/10/2018 C - 1 Books

JCC Library | Contacts | JCC Home

Last Update on 23 September 2017
Copyright @ 2017-2020 JCC Rouf Library
Rouf Library, Jhenidah Cadet College (JCC), Bangladesh